| 000 | 01202nam a2200229Ia 4500 | ||
|---|---|---|---|
| 003 | OSt | ||
| 005 | 20210610100856.0 | ||
| 008 | 210310q1992 ck ad gq 000 0 spa d | ||
| 040 |
_aCO-JMCR _cCO-JMCR |
||
| 041 | 0 | _aspa | |
| 082 | 0 | 4 |
_a333.717 / _bS669m _223 |
| 100 | 1 |
_aSánchez Triana, Ernesto, _916026 _eautor |
|
| 245 | 1 | 0 |
_aMecanismos financieros e instrumentos económicos para la protección ambiental en Colombia / _cErnesto Sánchez Triana |
| 260 |
_aBogotá : _bFundación Friedrich Ebert de Colombia, _c1992 |
||
| 300 |
_a183 páginas : _bilustraciones y gráficas a blanco y negro ; _c28 cm. |
||
| 504 | _aBibliografía: página 183 | ||
| 505 | 0 | _aMarco general e institucional -- Marco jurídico -- Mercadeo de servicios ambientales -- Análisis de la financiación de programas de protección ambiental -- Mecanismos financieros del Sistema Nacional del Ambiente -- Incentivos económicos para la conservación de los recursos naturales -- Incentivos económicos para el control de la contaminación ambiental | |
| 650 | 1 | 4 |
_aEconomía ambiental _916028 _zColombia |
| 650 | 2 | 4 |
_aProtección del medio ambiente _938280 |
| 650 | 2 | 4 |
_aRecursos naturales _zColombia _98353 |
| 942 |
_2ddc _cBK |
||
| 999 |
_c7993 _d7993 |
||